| 000 | 00666nam a2200193 4500 | ||
|---|---|---|---|
| 003 | OSt | ||
| 005 | 20221117170411.0 | ||
| 008 | 221117b |||||||| |||| 00| 0 eng d | ||
| 040 | _cBiblioteca Lado V | ||
| 082 |
_a700.74 _bD286j |
||
| 100 |
_9164 _aDebbaut,Jan _ecurador |
||
| 245 |
_aJan Vercruysse 1993/ _bBiennale di Vanezia Padiglione di Fiandra/ |
||
| 260 |
_bMinistry of the Flemish Community _aBrucelas _c1993 |
||
| 300 |
_a23p. _c22x28cm |
||
| 650 |
_2Tesauro de Arte & Arquitectura _aARTE |
||
| 650 |
_2Tesauro de Arte & Arquitectura _aBIENAL |
||
| 650 |
_2Tesauro de Arte & Arquitectura _aCATALOGO |
||
| 942 |
_2ddc _c1 _h700.74 _iD286j |
||
| 999 |
_c2694 _d2694 |
||